[Event "DVM U12 2014"]
[Site "Verden/Aller GER"]
[Date "2014.12.27"]
[Round "2"]
[White "Breitzmann, Sander"]
[Black "Abele, Anais"]
[Result "1-0"]
[Termination "normal"]
[Board "8.3"]
[WhiteElo "1410"]
[BlackElo "1105"]
[WhiteTeam "SV Empor Berlin"]
[BlackTeam "SC Aurich"]
[PlyCount "77"]
[WhiteFideId "12987085"]
[BlackFideId "16208927"]
[EventCountry "GER"]
[EventRounds "7"]
[EventType "team-swiss"]
[EventDate "2014.12.26"]

1. e4 e5 2. Nf3 Nc6 3. Bc4 Nf6 4. d3 Be7 5. c3 O-O 6. Nbd2 d6 7. O-O Na5 8. Bb5
Bd7 9. Bc4 Nxc4 10. Nxc4 Bb5 11. Ne3 Re8 12. Re1 Qd7 13. Nf5 Rad8 14. a4 Bc6
15. b4 b6 16. c4 Bb7 17. Bb2 c5 18. bxc5 bxc5 19. Bc3 Bc6 20. Qc2 Rb8 21. a5
Rb7 22. Rab1 Reb8 23. a6 Rb6 24. Ba5 Rxb1 25. Rxb1 Rxb1+ 26. Qxb1 Qe8 27. Bc7
Bf8 28. Qb8 g6 29. Qxa7 gxf5 30. exf5 Qa8 31. Qb6 Nd7 32. Qa5 Qa7 33. Nh4 Nb8
34. Bxb8 Qxb8 35. f3 Be7 36. Qe1 Bxh4 37. Qxh4 Qa7 38. Qg5+ Kh8 39. f6 1-0

[Event "DVM U12 2014"]
[Site "Verden/Aller GER"]
[Date "2014.12.27"]
[Round "2"]
[White "Ufkes, Enno"]
[Black "Albrecht, Constantin"]
[Result "0-1"]
[Termination "normal"]
[Board "8.4"]
[WhiteElo "968"]
[BlackElo "1175"]
[WhiteTeam "SC Aurich"]
[BlackTeam "SV Empor Berlin"]
[PlyCount "27"]
[WhiteFideId "12974994"]
[BlackFideId "16236106"]
[EventCountry "GER"]
[EventRounds "7"]
[EventType "team-swiss"]
[EventDate "2014.12.26"]

1. e4 e5 2. Nf3 Nc6 3. Bc4 Bc5 4. c3 Nf6 5. d4 exd4 6. e5 d5 7. exd6 Qxd6 8.
O-O O-O 9. Re1 Bd7 10. Bg5 Bg4 11. h3 Bh5 12. Qd3 dxc3 13. Nxc3 Qxd3 14. Bxd3 {
weiterer Spielverlauf nicht erfassbar} 0-1

[Event "DVM U12 2014"]
[Site "Verden/Aller GER"]
[Date "2014.12.27"]
[Round "2"]
[White "Gkegkas, Michail"]
[Black "Kitzig, Tobias"]
[Result "0-1"]
[Termination "normal"]
[Board "9.1"]
[WhiteElo "989"]
[BlackElo "1442"]
[WhiteTeam "SC Heitersheim"]
[BlackTeam "VfL 1990 Gera"]
[PlyCount "54"]
[WhiteFideId "16251067"]
[EventCountry "GER"]
[EventRounds "7"]
[EventType "team-swiss"]
[EventDate "2014.12.26"]

1. e4 e5 2. Nf3 Nf6 3. Nc3 Nc6 4. Bb5 d6 5. h3 a6 6. Ba4 Be7 7. O-O O-O 8. Bb3
Bd7 9. d3 Kh8 10. Re1 Ng8 11. Nd5 f5 12. Nxe7 Ngxe7 13. Ng5 Qe8 14. Nf3 Qg6 15.
Nh4 Qf6 16. Nf3 fxe4 17. dxe4 h6 18. Re3 Nd4 19. Nxd4 Qxf2+ 20. Kh1 exd4 21.
Rf3 Rxf3 22. Qxf3 Qxf3 23. gxf3 Rf8 24. Kg2 Ng6 25. Bd2 Nh4+ 26. Kg3 Rxf3+ 27.
Kxh4 Rxh3# 0-1

[Event "DVM U12 2014"]
[Site "Verden/Aller GER"]
[Date "2014.12.27"]
[Round "2"]
[White "Herrmann, Nick"]
[Black "Gkegkas, Viktor"]
[Result "1-0"]
[Termination "normal"]
[Board "9.2"]
[WhiteElo "1235"]
[BlackElo "1133"]
[WhiteTeam "VfL 1990 Gera"]
[BlackTeam "SC Heitersheim"]
[PlyCount "101"]
[WhiteFideId "12971499"]
[BlackFideId "16247396"]
[EventCountry "GER"]
[EventRounds "7"]
[EventType "team-swiss"]
[EventDate "2014.12.26"]

1. e4 e5 2. Nf3 Nc6 3. Bc4 Bc5 4. b4 Bxb4 5. c3 Bc5 6. d4 exd4 7. cxd4 Bb4+ 8.
Bd2 Bxd2+ 9. Nbxd2 d6 10. O-O Bg4 11. Qb3 Nh6 12. Qxb7 Na5 13. Bb5+ Bd7 14.
Bxd7+ Kxd7 15. Qb5+ c6 16. Qa4 Ke7 17. e5 d5 18. Qa3+ Ke8 19. Rac1 Qc7 20. Rc2
Ng4 21. h3 Nh6 22. Rfc1 Rc8 23. Ng5 Kd7 24. Qf3 Ke8 25. Re1 Ke7 26. Qh5 Rce8
27. Qh4 Kf8 28. Rc3 Kg8 29. Rg3 Nf5 30. Qg4 Nxg3 31. Qxg3 h6 32. Ngf3 Kh7 33.
Nh4 Rhf8 34. Nf5 g6 35. Nd6 Rb8 36. Nf3 Nb7 37. Nh2 Nxd6 38. exd6 Qd8 39. Ng4
h5 40. Nh2 Re8 41. Rd1 Qa5 42. Nf3 Qxa2 43. Qf4 f5 44. Ng5+ Kg7 45. d7 Rh8 46.
Qe5+ Kh6 47. Nf7+ Kh7 48. Qe7 Qa5 49. h4 Rhf8 50. Ng5+ Kg8 51. Qh7# 1-0

[Event "DVM U12 2014"]
[Site "Verden/Aller GER"]
[Date "2014.12.27"]
[Round "2"]
[White "Rommel, Tobias"]
[Black "Schulze, Nick"]
[Result "0-1"]
[Termination "normal"]
[Board "9.3"]
[WhiteElo "989"]
[BlackElo "1288"]
[WhiteTeam "SC Heitersheim"]
[BlackTeam "VfL 1990 Gera"]
[PlyCount "84"]
[BlackFideId "12971847"]
[EventCountry "GER"]
[EventRounds "7"]
[EventType "team-swiss"]
[EventDate "2014.12.26"]

1. e4 c5 2. Nf3 Nc6 3. Bc4 d6 4. Nc3 e6 5. d3 Be7 6. O-O Nf6 7. Bb5 Bd7 8. Bxc6
Bxc6 9. a3 a5 10. Bg5 O-O 11. Ne2 b5 12. Qc1 Re8 13. h3 Qc7 14. Bh6 g6 15. b3
Bf8 16. Bxf8 Rxf8 17. c3 Rfc8 18. d4 Bxe4 19. Ng5 Bb7 20. Qf4 Nh5 21. Qh4 Qc6
22. f3 d5 23. Nf4 h6 24. Nxh5 gxh5 25. Rfe1 hxg5 26. Qxg5+ Kf8 27. f4 cxd4 28.
f5 exf5 29. Qxh5 Qg6 30. Qh8+ Qg8 31. Qxd4 Qg7 32. Qf4 d4 33. Re2 Rxc3 34. Rae1
d3 35. Qd6+ Kg8 36. Re8+ Rxe8 37. Rxe8+ Kh7 38. g4 fxg4 39. h4 Rc1+ 40. Kh2
Rh1+ 41. Kg3 Rh3+ 42. Kf4 Rf3# 0-1

[Event "DVM U12 2014"]
[Site "Verden/Aller GER"]
[Date "2014.12.27"]
[Round "2"]
[White "Aniol, Adrian"]
[Black "Schoch, Justus"]
[Result "1-0"]
[Termination "normal"]
[Board "9.4"]
[WhiteElo "1339"]
[BlackElo "778"]
[WhiteTeam "VfL 1990 Gera"]
[BlackTeam "SC Heitersheim"]
[PlyCount "79"]
[WhiteFideId "16229967"]
[EventCountry "GER"]
[EventRounds "7"]
[EventType "team-swiss"]
[EventDate "2014.12.26"]

1. e4 e5 2. Nf3 Nc6 3. Bc4 Nf6 4. d3 h6 5. O-O Bc5 6. c3 d6 7. b4 Bb6 8. a4 a6
9. a5 Ba7 10. Nbd2 O-O 11. h3 b5 12. axb6 Bxb6 13. b5 Na5 14. Re1 Nxc4 15. Nxc4
Be6 16. Nxb6 cxb6 17. bxa6 Qc8 18. a7 Qxc3 19. Be3 Qc6 20. Qc1 Qb7 21. Qa3 d5
22. Nxe5 Rac8 23. Re2 b5 24. Bc5 dxe4 25. dxe4 Nxe4 26. Bxf8 Rxf8 27. a8=Q Rxa8
28. Qxa8+ Qxa8 29. Rxa8+ Kh7 30. Rxe4 Bd5 31. Rea4 bxa4 32. Rxa4 Bb3 33. Ra7
Kg8 34. Ra8+ Kh7 35. Rf8 f6 36. Rb8 Bd5 37. Rb5 Bg8 38. Nd7 Kg6 39. g4 Bf7 40.
Nf8# 1-0

[Event "DVM U12 2014"]
[Site "Verden/Aller GER"]
[Date "2014.12.27"]
[Round "2"]
[White "Lichtmannecker, Daniel"]
[Black "Diel, Tom"]
[Result "1-0"]
[Termination "normal"]
[Board "10.1"]
[WhiteElo "1518"]
[BlackElo "1230"]
[WhiteTeam "FC Ergolding"]
[BlackTeam "SV Lendersdorf 57"]
[PlyCount "89"]
[WhiteFideId "12979414"]
[BlackFideId "16258428"]
[EventCountry "GER"]
[EventRounds "7"]
[EventType "team-swiss"]
[EventDate "2014.12.26"]

1. d4 d5 2. Nf3 Nf6 3. e3 e6 4. Bd3 Be7 5. Nbd2 Nbd7 6. O-O O-O 7. c3 b6 8. e4
dxe4 9. Nxe4 Bb7 10. Nfd2 c5 11. b3 Rc8 12. Bb2 cxd4 13. cxd4 Nd5 14. Nc4 Qc7
15. Rc1 Qf4 16. g3 Qh6 17. Ncd6 Bxd6 18. Nxd6 Rb8 19. Ba3 Ba8 20. Nb5 Qh3 21.
Be4 Ne3 22. fxe3 Bxe4 23. Qd2 Rfd8 24. Bd6 Rb7 25. Bc7 Rf8 26. Nd6 Bd5 27. e4
Bxe4 28. Nxe4 a6 29. Qg2 Qh6 30. Nf6+ Nxf6 31. Qxb7 Ng4 32. Qh1 Qe3+ 33. Kg2
Qd2+ 34. Kh3 Nf2+ 35. Rxf2 Qxf2 36. Bxb6 Qf5+ 37. Kg2 Qe4+ 38. Kf2 Qf5+ 39. Qf3
Qb5 40. Bc5 Rd8 41. Kg2 Qa5 42. Rf1 f6 43. Rf2 e5 44. b4 Qb5 45. dxe5 1-0

[Event "DVM U12 2014"]
[Site "Verden/Aller GER"]
[Date "2014.12.27"]
[Round "2"]
[White "Sorokin, Michael"]
[Black "Astner, Sebastian"]
[Result "0-1"]
[Termination "normal"]
[Board "10.2"]
[WhiteElo "1129"]
[BlackElo "1437"]
[WhiteTeam "SV Lendersdorf 57"]
[BlackTeam "FC Ergolding"]
[PlyCount "44"]
[WhiteFideId "16229045"]
[BlackFideId "12979422"]
[EventCountry "GER"]
[EventRounds "7"]
[EventType "team-swiss"]
[EventDate "2014.12.26"]

1. e4 c5 2. c3 d6 3. d4 cxd4 4. cxd4 Nf6 5. Nc3 g6 6. Nf3 Bg4 7. h3 Bxf3 8.
Qxf3 Nc6 9. Bb5 Nd7 10. Bc4 e6 11. Be3 Bg7 12. Rd1 O-O 13. O-O Qe7 14. Rfe1
Rac8 15. Bb5 a6 16. Bxc6 Rxc6 17. Rc1 f5 18. Ne2 Rb6 19. Rc2 Qh4 20. Nc3 g5 21.
d5 Bxc3 22. dxe6 Ne5 0-1

[Event "DVM U12 2014"]
[Site "Verden/Aller GER"]
[Date "2014.12.27"]
[Round "2"]
[White "Kühne, Maria"]
[Black "Klein-Uebbing, Niklas"]
[Result "1-0"]
[Termination "normal"]
[Board "10.3"]
[WhiteElo "1204"]
[BlackElo "1143"]
[WhiteTeam "FC Ergolding"]
[BlackTeam "SV Lendersdorf 57"]
[PlyCount "79"]
[WhiteFideId "12997412"]
[EventCountry "GER"]
[EventRounds "7"]
[EventType "team-swiss"]
[EventDate "2014.12.26"]

1. e4 e5 2. Nf3 Nc6 3. d4 exd4 4. Nxd4 Nf6 5. Nc3 Bc5 6. Be3 d6 7. Nxc6 bxc6 8.
Bxc5 dxc5 9. Qxd8+ Kxd8 10. O-O-O+ Ke7 11. Bc4 Re8 12. Rhe1 Kf8 13. f3 Be6 14.
Bxe6 fxe6 15. e5 Nd5 16. Ne4 Nb4 17. a3 Na6 18. Ng3 Rab8 19. b3 Red8 20. Re4
Rxd1+ 21. Kxd1 Kf7 22. Rf4+ Kg6 23. Rg4+ Kf7 24. Ne4 Rd8+ 25. Ke2 Rd5 26. Ng5+
Kg8 27. f4 c4 28. b4 Rb5 29. Nxe6 g6 30. Nd4 Rb6 31. Ke3 c5 32. bxc5 Nxc5 33.
f5 Kf7 34. f6 Nd7 35. e6+ Rxe6+ 36. Nxe6 Kxe6 37. Rxc4 c5 38. Ra4 Nb6 39. Rxa7
Kxf6 40. Ra6 1-0

[Event "DVM U12 2014"]
[Site "Verden/Aller GER"]
[Date "2014.12.28"]
[Round "3"]
[White "Wong, Gengchun"]
[Black "Engel, Luis"]
[Result "0-1"]
[Termination "normal"]
[Board "1.1"]
[WhiteElo "1989"]
[BlackElo "2113"]
[WhiteTeam "SV Dresden-Leuben"]
[BlackTeam "Hamburger SK von 1830"]
[PlyCount "96"]
[WhiteFideId "12963283"]
[BlackFideId "12961523"]
[EventCountry "GER"]
[EventRounds "7"]
[EventType "team-swiss"]
[EventDate "2014.12.26"]

1. e4 c5 2. Nf3 d6 3. d4 cxd4 4. Nxd4 Nf6 5. Nc3 a6 6. Bg5 Nbd7 7. f4 Qc7 8.
Qf3 h6 9. Bxf6 Nxf6 10. f5 Qc5 11. O-O-O g5 12. e5 Qxe5 13. g3 h5 14. Bg2 g4
15. Qd3 Bh6+ 16. Kb1 Qc5 17. Rhe1 Qc7 18. Qe2 Kf8 19. a3 Rb8 20. Rd3 Qd8 21.
Nd5 Nxd5 22. Bxd5 Bg7 23. Qf2 Bf6 24. Ne2 Bd7 25. Nc3 Qa5 26. Ne4 Be5 27. Ng5
Be8 28. b4 Qc7 29. Bb3 Rc8 30. Rxe5 dxe5 31. Bxf7 Bxf7 32. Ne6+ Bxe6 33. fxe6+
Kg7 34. Rd7 Rhf8 35. Qd2 Rf1+ 36. Kb2 Qxc2+ 37. Qxc2 Rxc2+ 38. Kxc2 Rf2+ 39.
Kd3 Kf6 40. Rxb7 Rf3+ 41. Ke4 Rxa3 42. b5 Ra4+ 43. Ke3 axb5 44. Rxb5 Ra2 45.
Rb8 Rxh2 46. Rh8 Kxe6 47. Rh7 Kf6 48. Ke4 Rh3 0-1

[Event "DVM U12 2014"]
[Site "Verden/Aller GER"]
[Date "2014.12.28"]
[Round "3"]
[White "Pajeken, Jakob Leon"]
[Black "Bui, Hai Lam"]
[Result "1-0"]
[Termination "normal"]
[Board "1.2"]
[WhiteElo "1730"]
[BlackElo "1868"]
[WhiteTeam "Hamburger SK von 1830"]
[BlackTeam "SV Dresden-Leuben"]
[PlyCount "109"]
[WhiteFideId "12942839"]
[BlackFideId "12975737"]
[EventCountry "GER"]
[EventRounds "7"]
[EventType "team-swiss"]
[EventDate "2014.12.26"]

1. e4 c5 2. Nf3 d6 3. d4 cxd4 4. Nxd4 Nf6 5. Nc3 a6 6. Be2 e6 7. f4 Qc7 8. O-O
Nbd7 9. Be3 b5 10. a3 Bb7 11. Bd3 h5 12. Kh1 h4 13. Qf3 Rc8 14. Rae1 Nc5 15.
Bf2 Be7 16. Qh3 d5 17. e5 Nfe4 18. Bxe4 Nxe4 19. Nxe4 dxe4 20. Qg4 g6 21. Be3
Bd5 22. Rf2 h3 23. g3 Bc5 24. Kg1 Qa7 25. c3 Qb7 26. Rd2 a5 27. Qd1 Ke7 28. f5
Bxd4 29. f6+ Ke8 30. Bxd4 a4 31. Re3 Qb8 32. Qf1 g5 33. Qd1 Kd7 34. Rxe4 Kc7
35. Re1 Qb7 36. Be3 Rcd8 37. Qg4 Bf3 38. Qd4 Bd5 39. Qc5+ Qc6 40. Qe7+ Qd7 41.
Bb6+ Kc6 42. Qc5+ Kb7 43. Ba5 Rc8 44. Qe3 g4 45. Rd4 Rc4 46. Red1 Rhc8 47. Rxc4
Rxc4 48. Qb6+ Kc8 49. Qa6+ Kb8 50. Bb4 Qa7+ 51. Qxa7+ Kxa7 52. Rxd5 exd5 53. e6
Rc7 54. Bd6 Rb7 55. e7 1-0

[Event "DVM U12 2014"]
[Site "Verden/Aller GER"]
[Date "2014.12.28"]
[Round "3"]
[White "Bui, Ngoc Han Julia"]
[Black "Holinka, Henning"]
[Result "0-1"]
[Termination "normal"]
[Board "1.3"]
[WhiteElo "1562"]
[BlackElo "1799"]
[WhiteTeam "SV Dresden-Leuben"]
[BlackTeam "Hamburger SK von 1830"]
[PlyCount "88"]
[WhiteFideId "12977055"]
[BlackFideId "12967084"]
[EventCountry "GER"]
[EventRounds "7"]
[EventType "team-swiss"]
[EventDate "2014.12.26"]

1. e4 d6 2. d4 g6 3. Nc3 Bg7 4. g3 Nc6 5. Nge2 Bg4 6. Be3 e5 7. Qd2 Bf3 8. Rg1
Nf6 9. Bg2 Bxg2 10. Rxg2 O-O 11. O-O-O a6 12. g4 exd4 13. Nxd4 Re8 14. f3 Ne5
15. Qf2 Nfd7 16. h4 Nc4 17. h5 Nxe3 18. Qxe3 c6 19. hxg6 fxg6 20. Qf2 Nc5 21.
Rh1 Qf6 22. Nde2 Bh8 23. g5 Qf8 24. Rgh2 Re7 25. Qg2 Be5 26. Rh6 Rd8 27. Qh3
Rdd7 28. Qh4 Qxf3 29. Kb1 b5 30. Rh3 Qf1+ 31. Nc1 b4 32. N3e2 Qf8 33. Qg4 Bh8
34. Ng3 Qg7 35. e5 Qxe5 36. Qc4+ d5 37. Rxg6+ hxg6 38. Rxh8+ Kxh8 39. Qxc5 Qxg3
40. Qxb4 Qxg5 41. Qc3+ Kg8 42. Qxc6 Re1 43. Qc8+ Rd8 44. Qxa6 Qxc1# 0-1

[Event "DVM U12 2014"]
[Site "Verden/Aller GER"]
[Date "2014.12.28"]
[Round "3"]
[White "Engel, Robert"]
[Black "Wong, Kar Yan"]
[Result "1-0"]
[Termination "normal"]
[Board "1.4"]
[WhiteElo "1742"]
[BlackElo "1312"]
[WhiteTeam "Hamburger SK von 1830"]
[BlackTeam "SV Dresden-Leuben"]
[PlyCount "61"]
[WhiteFideId "12974684"]
[BlackFideId "12971855"]
[EventCountry "GER"]
[EventRounds "7"]
[EventType "team-swiss"]
[EventDate "2014.12.26"]

1. e4 e6 2. d4 d5 3. Nd2 Nf6 4. e5 Nfd7 5. Bd3 c5 6. c3 Nc6 7. Ne2 cxd4 8. cxd4
f6 9. Nf4 Qe7 10. Nf3 fxe5 11. dxe5 g6 12. Nxg6 Qg7 13. Nxh8 Qxh8 14. O-O Ndxe5
15. Nxe5 Qxe5 16. Re1 Qf6 17. Qh5+ Kd7 18. Qxh7+ Kd8 19. Qg8 Kc7 20. Qg3+ Bd6
21. Qg5 Qh8 22. h3 Bd7 23. Bf4 Bxf4 24. Qxf4+ e5 25. Qf7 Rf8 26. Qxd5 Qh4 27.
Qc5 Rg8 28. Re3 Bxh3 29. Be4 Bd7 30. Bxc6 Rxg2+ 31. Bxg2+ 1-0

[Event "DVM U12 2014"]
[Site "Verden/Aller GER"]
[Date "2014.12.28"]
[Round "3"]
[White "Suvorov, Alexander"]
[Black "Dietz, Florian"]
[Result "1-0"]
[Termination "normal"]
[Board "2.1"]
[WhiteElo "1823"]
[BlackElo "1805"]
[WhiteTeam "SG Porz"]
[BlackTeam "Reideburger SV 90 Halle"]
[PlyCount "119"]
[WhiteFideId "12977063"]
[BlackFideId "12939897"]
[EventCountry "GER"]
[EventRounds "7"]
[EventType "team-swiss"]
[EventDate "2014.12.26"]

1. Nf3 c5 2. c4 Nc6 3. Nc3 g6 4. g3 Bg7 5. Bg2 e6 6. e3 Nge7 7. O-O O-O 8. b3
d5 9. cxd5 exd5 10. d4 Nf5 11. Ne2 b6 12. Ba3 Nfe7 13. Rc1 cxd4 14. Nexd4 Nxd4
15. Nxd4 Bb7 16. Qd2 Qd7 17. Rc2 Rfc8 18. Rfc1 Rxc2 19. Rxc2 Rd8 20. Bb2 Nf5
21. Rc1 Nd6 22. Ne2 Ne4 23. Bxe4 dxe4 24. Qxd7 Rxd7 25. Bxg7 Kxg7 26. Nd4 Ba6
27. b4 Bd3 28. Rc3 a5 29. bxa5 bxa5 30. Kg2 Rd5 31. g4 h5 32. Kg3 hxg4 33. Kxg4
Rh5 34. h4 Rd5 35. Kf4 Rb5 36. Kg4 Rd5 37. f4 Bb1 38. a3 Bd3 39. Rc6 Bb5 40.
Rc3 Bd3 41. Rc7 Kg8 42. f5 Rd6 43. Rc6 gxf5+ 44. Nxf5 Rxc6 45. Ne7+ Kf8 46.
Nxc6 a4 47. Kf5 Kg7 48. Ne5 Kh6 49. Nxf7+ Kh5 50. Nd6 Kxh4 51. Kf4 Kh5 52. Nxe4
Kg6 53. Nc5 Bc2 54. Ke5 Kf7 55. Kd6 Ke8 56. e4 Kd8 57. e5 Ke8 58. e6 Bd1 59.
Ne4 Bb3 60. Nf6+ 1-0

[Event "DVM U12 2014"]
[Site "Verden/Aller GER"]
[Date "2014.12.28"]
[Round "3"]
[White "Post, Hugo"]
[Black "Suvorov, Luca"]
[Result "0-1"]
[Termination "normal"]
[Board "2.2"]
[WhiteElo "1760"]
[BlackElo "1757"]
[WhiteTeam "Reideburger SV 90 Halle"]
[BlackTeam "SG Porz"]
[PlyCount "61"]
[WhiteFideId "12962490"]
[BlackFideId "12977071"]
[EventCountry "GER"]
[EventRounds "7"]
[EventType "team-swiss"]
[EventDate "2014.12.26"]

1. e4 c6 2. d4 d5 3. exd5 cxd5 4. c4 Nf6 5. Nc3 e6 6. Nf3 Be7 7. cxd5 Nxd5 8.
Bd3 Nc6 9. O-O O-O 10. a3 Re8 11. Re1 g6 12. Bc2 Bf6 13. Ne4 Bg7 14. Bg5 Nce7
15. Rc1 h6 16. Bh4 g5 17. Bg3 f5 18. Nd6 f4 19. Nxe8 Qxe8 20. Ne5 fxg3 21. hxg3
Bd7 22. Qd3 Nf6 23. Qb3 Nc6 24. Nxd7 Qxd7 25. Rxe6 Kh8 26. Re3 Nxd4 27. Qd3 Rc8
28. b4 b5 29. Kh1 Rc4 30. Kg1 Nxc2 31. Re8+ 0-1

[Event "DVM U12 2014"]
[Site "Verden/Aller GER"]
[Date "2014.12.28"]
[Round "3"]
[White "Sewald, Richard"]
[Black "Henning, Marvin"]
[Result "0-1"]
[Termination "normal"]
[Board "2.3"]
[WhiteElo "1562"]
[BlackElo "1791"]
[WhiteTeam "SG Porz"]
[BlackTeam "Reideburger SV 90 Halle"]
[PlyCount "88"]
[WhiteFideId "12983586"]
[BlackFideId "12957399"]
[EventCountry "GER"]
[EventRounds "7"]
[EventType "team-swiss"]
[EventDate "2014.12.26"]

1. Nf3 Nf6 2. d3 g6 3. g3 Bg7 4. Bg2 d6 5. e4 Nc6 6. Nc3 e5 7. h3 h6 8. Be3 Be6
9. Qe2 a6 10. a3 Qe7 11. Nd2 Nd7 12. O-O O-O 13. Qd1 Rae8 14. Re1 Qd8 15. Ne2
Ne7 16. c4 b6 17. Nc3 f5 18. Nf3 f4 19. gxf4 exf4 20. Bd4 Ne5 21. Bxe5 dxe5 22.
Nd5 Qd7 23. Kh2 Nc6 24. Qd2 g5 25. Ng1 Nd4 26. Qd1 Qf7 27. f3 b5 28. b3 c6 29.
Nc3 Qh5 30. Rb1 Qh4 31. Nce2 Nxe2 32. Rxe2 g4 33. Qe1 g3+ 34. Kh1 Rd8 35. Rd2
Bf6 36. Qe2 Be7 37. Ra2 Bc5 38. Qf1 Be3 39. cxb5 cxb5 40. Rc2 Rc8 41. Rxc8 Rxc8
42. Ne2 Rc1 43. a4 b4 44. Ng1 Bxh3 0-1

[Event "DVM U12 2014"]
[Site "Verden/Aller GER"]
[Date "2014.12.28"]
[Round "3"]
[White "Schlosser, Justin"]
[Black "Gallasch, Robin"]
[Result "1/2-1/2"]
[Termination "normal"]
[Board "2.4"]
[WhiteElo "1360"]
[BlackElo "1096"]
[WhiteTeam "Reideburger SV 90 Halle"]
[BlackTeam "SG Porz"]
[PlyCount "62"]
[WhiteFideId "12993700"]
[BlackFideId "16222423"]
[EventCountry "GER"]
[EventRounds "7"]
[EventType "team-swiss"]
[EventDate "2014.12.26"]

1. e4 c6 2. d4 d5 3. exd5 cxd5 4. Bd3 Nc6 5. Nf3 Bg4 6. c3 Nf6 7. Bf4 e6 8.
Nbd2 Bd6 9. Bxd6 Qxd6 10. O-O O-O 11. Re1 Rac8 12. Nf1 Rfe8 13. Ng3 e5 14. Be2
e4 15. Nh4 Bxe2 16. Qxe2 Ne7 17. Qe3 h6 18. Rad1 Ng4 19. Qe2 Qf4 20. Nf1 Nf5
21. Nxf5 Qxf5 22. h3 Nf6 23. Ng3 Qf4 24. Qe3 Qxe3 25. Rxe3 g6 26. Rde1 Kf8 27.
h4 Ng4 28. R1e2 f5 29. Nf1 Nf6 30. Nd2 f4 31. f3 Kg7 1/2-1/2

[Event "DVM U12 2014"]
[Site "Verden/Aller GER"]
[Date "2014.12.28"]
[Round "3"]
[White "Kracht, Raphael"]
[Black "Weimert, Miriam"]
[Result "1-0"]
[Termination "normal"]
[Board "3.2"]
[WhiteElo "1636"]
[BlackElo "1532"]
[WhiteTeam "SF Brackel 1930"]
[BlackTeam "SG Turm Leipzig"]
[PlyCount "113"]
[WhiteFideId "16214382"]
[BlackFideId "12966703"]
[EventCountry "GER"]
[EventRounds "7"]
[EventType "team-swiss"]
[EventDate "2014.12.26"]

1. e4 e5 2. Nf3 Nf6 3. Nxe5 d6 4. Nf3 Nxe4 5. Nc3 Bf5 6. Nxe4 Bxe4 7. d3 Bf5 8.
Be2 d5 9. d4 Bd6 10. O-O O-O 11. c4 c6 12. cxd5 cxd5 13. Qb3 Qd7 14. Be3 Nc6
15. Rac1 Rfe8 16. Rfe1 Be4 17. Ng5 h6 18. Nxe4 Rxe4 19. Kh1 Rh4 20. Qxd5 Rxh2+
21. Kg1 Rh4 22. g3 Qh3 23. Qg2 Qxg2+ 24. Kxg2 Re4 25. Bf3 Ree8 26. Bxc6 bxc6
27. Rxc6 Bf8 28. Rec1 Rab8 29. b3 Rb5 30. Rc7 Ra5 31. R1c2 Rd8 32. d5 a6 33.
Bc5 Bxc5 34. R7xc5 Rxd5 35. Rxa5 Rxa5 36. f4 Kf8 37. Re2 g5 38. fxg5 hxg5 39.
Kf3 Kg7 40. Kg4 Kg6 41. Rf2 Rb5 42. Rd2 f6 43. Kf3 Kf5 44. g4+ Ke5 45. Rd3 Rd5
46. Rxd5+ Kxd5 47. Ke3 Ke5 48. b4 Kd5 49. a4 Kc4 50. b5 axb5 51. axb5 Kxb5 52.
Ke4 Kc6 53. Kf5 Kd7 54. Kxf6 Ke8 55. Kxg5 Kf7 56. Kh6 Kg8 57. Kg6 1-0

[Event "DVM U12 2014"]
[Site "Verden/Aller GER"]
[Date "2014.12.28"]
[Round "3"]
[White "Kreicarek, Tobias"]
[Black "Wastian, Mareike"]
[Result "1-0"]
[Termination "normal"]
[Board "3.3"]
[WhiteElo "1446"]
[BlackElo "1573"]
[WhiteTeam "SG Turm Leipzig"]
[BlackTeam "SF Brackel 1930"]
[PlyCount "113"]
[WhiteFideId "16255909"]
[BlackFideId "12947423"]
[EventCountry "GER"]
[EventRounds "7"]
[EventType "team-swiss"]
[EventDate "2014.12.26"]

1. e4 d5 2. exd5 Nf6 3. d4 Bg4 4. f3 Bf5 5. g4 Bg6 6. h4 h6 7. Bb5+ Nbd7 8. c4
e6 9. Nc3 exd5 10. cxd5 a6 11. Bxd7+ Qxd7 12. Qb3 O-O-O 13. Bf4 Nxd5 14. Nxd5
Qxd5 15. Qxd5 Rxd5 16. Ne2 Bb4+ 17. Kf2 Re8 18. Rac1 Rd7 19. d5 Bd3 20. Ng3 Bd6
21. Bxd6 Rxd6 22. Rhd1 Bg6 23. Rc4 Red8 24. Rcd4 f6 25. Ne4 R6d7 26. Nc5 Rd6
27. Ne6 R8d7 28. Nf8 Bc2 29. R1d2 Rf7 30. Ne6 Bh7 31. Kg3 Bg8 32. f4 Rfd7 33.
f5 Rf7 34. h5 Rfd7 35. Kf3 c6 36. Ke4 Rxd5 37. Rxd5 Rxd5 38. Rxd5 cxd5+ 39.
Kxd5 Kd7 40. b4 b6 41. a4 Bf7 42. a5 b5 43. Kc5 Bxe6 44. fxe6+ Kxe6 45. Kb6 Kd6
46. Kxa6 Kc6 47. Ka7 Kc7 48. a6 Kc8 49. Kb6 Kb8 50. Kxb5 Ka7 51. Ka5 Kb8 52.
a7+ Kb7 53. Kb5 Ka8 54. Ka6 f5 55. b5 fxg4 56. b6 g3 57. b7# 1-0

[Event "DVM U12 2014"]
[Site "Verden/Aller GER"]
[Date "2014.12.28"]
[Round "3"]
[White "Garbuz, Nicole"]
[Black "Buschmann, Julius"]
[Result "0-1"]
[Termination "normal"]
[Board "3.4"]
[WhiteElo "1440"]
[BlackElo "1428"]
[WhiteTeam "SF Brackel 1930"]
[BlackTeam "SG Turm Leipzig"]
[PlyCount "58"]
[WhiteFideId "12990701"]
[BlackFideId "16255895"]
[EventCountry "GER"]
[EventRounds "7"]
[EventType "team-swiss"]
[EventDate "2014.12.26"]

1. e4 e5 2. Nf3 Nc6 3. Bc4 Bc5 4. c3 d6 5. d4 exd4 6. cxd4 Bb4+ 7. Bd2 Bxd2+ 8.
Nbxd2 Nf6 9. Qc2 Bg4 10. O-O O-O 11. Rfe1 Re8 12. a3 Bh5 13. Rac1 Rc8 14. Bb5
Bxf3 15. Nxf3 Qd7 16. Ba4 d5 17. exd5 Rxe1+ 18. Rxe1 Qxd5 19. Bxc6 bxc6 20. Ne5
Re8 21. Re2 c5 22. Qxc5 Qxc5 23. dxc5 Ng4 24. f4 f6 25. h3 Nh6 26. Kf2 fxe5 27.
Rxe5 Rxe5 28. fxe5 Kf7 29. Ke3 Ke6 0-1

[Event "DVM U12 2014"]
[Site "Verden/Aller GER"]
[Date "2014.12.28"]
[Round "3"]
[White "von Estorff, Jacob"]
[Black "Pölt, Christoph"]
[Result "1-0"]
[Termination "normal"]
[Board "4.1"]
[WhiteElo "1650"]
[BlackElo "1678"]
[WhiteTeam "Post SV Uelzen"]
[BlackTeam "TV Tegernsee"]
[PlyCount "69"]
[WhiteFideId "12974501"]
[BlackFideId "12960853"]
[EventCountry "GER"]
[EventRounds "7"]
[EventType "team-swiss"]
[EventDate "2014.12.26"]

1. e4 e5 2. Nf3 Nc6 3. d4 exd4 4. Nxd4 Bc5 5. Be3 Qf6 6. c3 Nge7 7. Bc4 d6 8.
O-O O-O 9. b4 Bxd4 10. Bxd4 Nxd4 11. cxd4 Nc6 12. a3 Nxd4 13. Nc3 Be6 14. Qd3
Rfd8 15. f4 Rac8 16. Bxe6 fxe6 17. Rae1 e5 18. Nd5 Qe6 19. f5 Qf7 20. f6 g6 21.
Ne7+ Kh8 22. Nxc8 Rxc8 23. Qh3 Rd8 24. Re3 c5 25. Rf2 Rd7 26. Rc3 Rc7 27. bxc5
dxc5 28. a4 b6 29. Qd3 Kg8 30. Qg3 Qe6 31. h3 Rf7 32. Qg5 c4 33. Kh2 a6 34. h4
Kh8 35. g3 1-0

[Event "DVM U12 2014"]
[Site "Verden/Aller GER"]
[Date "2014.12.28"]
[Round "3"]
[White "Feicht, Florian"]
[Black "Askerov, Imamali"]
[Result "0-1"]
[Termination "normal"]
[Board "4.2"]
[WhiteElo "1573"]
[BlackElo "1746"]
[WhiteTeam "TV Tegernsee"]
[BlackTeam "Post SV Uelzen"]
[PlyCount "37"]
[WhiteFideId "12960888"]
[BlackFideId "12974498"]
[EventCountry "GER"]
[EventRounds "7"]
[EventType "team-swiss"]
[EventDate "2014.12.26"]

1. e4 c5 2. Nf3 e6 3. c3 d6 4. d4 cxd4 5. cxd4 Nf6 6. Nc3 Be7 7. Bb5+ Nfd7 8.
O-O O-O 9. Be3 a6 10. Bd3 Nc6 11. a3 b5 12. Qc2 Bb7 13. b4 h6 14. d5 exd5 15.
exd5 Nce5 16. Nxe5 Nxe5 17. Bd4 Bf6 18. Rac1 Nc4 19. Qa2 0-1